Central Library OPAC University of Rajshahi

The shell makers: (Record no. 65807)

MARC details
000 -LEADER
fixed length control field 00791nam a2200265 a 4500
001 - CONTROL NUMBER
control field 65807
003 - CONTROL NUMBER IDENTIFIER
rucl marc code BD-RjUL
005 - DATE AND TIME OF LATEST TRANSACTION
control field 20211209081451.0
008 - FIXED-LENGTH DATA ELEMENTS--GENERAL INFORMATION
fixed length control field 170312s1974 nyua b 001 0 eng d
020 ## - INTERNATIONAL STANDARD BOOK NUMBER
International Standard Book Number 0471812102
035 ## - SYSTEM CONTROL NUMBER
System control number (BD-RjUL) 65937
040 ## - CATALOGING SOURCE
Original cataloging agency DLC
Transcribing agency DLC
Modifying agency BD-RjUL
Language of cataloging eng
041 ## - LANGUAGE CODE
Language code of text/sound track or separate title eng
082 00 - DEWEY DECIMAL CLASSIFICATION NUMBER
Classification number 594
Edition number 23
Author mark and year SOS 1974
100 1# - MAIN ENTRY--PERSONAL NAME
Personal name Solem, Alan
Dates associated with a name 1931-
9 (RLIN) 194601
245 14 - TITLE STATEMENT
Title The shell makers:
Statement of responsibility, etc. [by] Alan Solem. Drawings by Carole W. Christman.
Remainder of title introducing mollusks /
260 ## - PUBLICATION, DISTRIBUTION, ETC. (IMPRINT)
Place of publication, distribution, etc. New York :
Name of publisher, distributor, etc. Wiley,
Date of publication, distribution, etc. c1974.
300 ## - PHYSICAL DESCRIPTION
Pagination xii, 289 p.
Illustrations ill. ;
Size 23 cm.
500 ## - GENERAL NOTE
General note "A Wiley-Interscience publication."
504 ## - BIBLIOGRAPHY, ETC. NOTE
Bibliography, etc Bibliography: p. 256-262.
650 #0 - SUBJECT ADDED ENTRY--TOPICAL TERM
Topical term or geographic name as entry element Mollusks.
9 (RLIN) 194602
Topical term or geographic name as entry element Mollusks
General subdivision Evolution.
9 (RLIN) 194603
942 ## - ADDED ENTRY ELEMENTS (KOHA)
Source of classification or shelving scheme Dewey Decimal Classification
Koha item type Books
Holdings
Lost status Source of classification or shelving scheme Damaged status Not for loan Collection code Permanent Location Current Location Shelving location Date acquired Source of acquisition Cost, normal purchase price Total Checkouts Full call number Date last seen Copy number Koha item type
  Dewey Decimal Classification   Not For Loan Non-fiction Central Library, University of Rajshahi Central Library, University of Rajshahi Reading Room 07/05/1977 Heffer And Sons. 7.45   594 SOS 1974 12/03/2017 C-1 Books